Power system oscillations
Guardat en:
| Autor principal: | |
|---|---|
| Format: | Llibre |
| Idioma: | anglès |
| Publicat: |
Boston
Kluwer Academic
2000
|
| Col·lecció: | The Kluwer International Series in Engineering and Computer Science
|
| Matèries: | |
| Etiquetes: |
Afegir etiqueta
Sense etiquetes, Sigues el primer a etiquetar aquest registre!
|
MARC
| LEADER | 00000nam a2200000 a 4500 | ||
|---|---|---|---|
| 001 | UCO7008 | ||
| 003 | CL-VaPUC | ||
| 008 | 001103e20000000US |||||||||||||||||eng|d | ||
| 082 | 0 | 4 | |a 621.381533 |b ROG |2 21 |
| 100 | 0 | |a Rogers, Graham |e author |9 451642 | |
| 245 | 1 | 0 | |a Power system oscillations |
| 300 | |a 328 p | ||
| 942 | |c BK | ||
| 945 | |d 20001103 00:00:00 |a vberengu | ||
| 260 | |a Boston |b Kluwer Academic |c 2000 | ||
| 650 | 0 | |a Circuitos electrónicos |9 260204 | |
| 650 | 0 | |a Circuitos integrados |9 260673 | |
| 650 | 7 | |a GENERADORES ELECTRICOS |2 CL-VaPUC |9 451643 | |
| 650 | 7 | |a OSCILADORES |2 CL-VaPUC |9 345821 | |
| 650 | 0 | |a Voltaje |9 362861 | |
| 583 | |a last modification |c 20001103 00:00:00 |k Rodrigo Vera | ||
| 490 | 0 | |a The Kluwer International Series in Engineering and Computer Science | |
| 999 | |c 292236 |d 292234 | ||
| 952 | |0 0 |1 0 |4 0 |6 621_381533000000000_ROG_2000 |7 0 |8 A |9 342947 |a BIBING |b BIBING |d 2019-11-20 |i 3664600 |o 621.381533 ROG 2000 |p 3664600 |r 2025-01-20 |w 2019-11-20 |y BK |k EIE | ||
| 952 | |0 0 |1 0 |4 0 |6 621_381533000000000_ROG_2000 |7 0 |8 A |9 342948 |a BIBING |b BIBING |d 2019-11-20 |i 3664619 |o 621.381533 ROG 2000 |p 3664619 |r 2025-01-20 |w 2019-11-20 |y BK |k EIE | ||
| 952 | |0 0 |1 0 |4 0 |6 621_381533000000000_ROG_2000 |7 0 |8 A |9 342949 |a BIBING |b BIBING |d 2019-11-20 |i 3664627 |o 621.381533 ROG 2000 |p 3664627 |r 2025-01-20 |w 2019-11-20 |y BK |k EIE | ||